| 000 | 00771nam a2200253#a 4500 | ||
|---|---|---|---|
| 001 | 00069 | ||
| 003 | HDC | ||
| 007 | ta | ||
| 008 | 230623s2009 xx 000 0 eng d | ||
| 020 | _a9789673231416 (pbk.). | ||
| 040 | _aHDC | ||
| 050 |
_aBP 173.6 _b .M63 2008 |
||
| 100 | _aMohammad Hashim Kamali | ||
| 245 | 4 |
_aThe International Institute of Advanced Islamic Studies Malaysia : _bexploring the intellectual horizons of civilisation Islam / _cMohammad Hashim kamali |
|
| 264 |
_aShah Alam : _bArah Pendidikan, _c2009 |
||
| 300 |
_avi,89p. ; _c 21cm |
||
| 650 |
_aCivilization, Islamic _zMalaysia |
||
| 650 |
_aIslam and politics _zMalaysia |
||
| 650 |
_aIslam and state _zMalaysia |
||
| 942 | _2lcc | ||
| 942 | _cBK | ||
| 942 | _kBP 173.6 | ||
| 942 | _m .M63 2008 | ||
| 999 |
_c21716 _d21716 |
||